000 01653nam0a2200409 4500
001 RU\NLR\BIBL_A\012343832
005 20201006123407.0
010 _a978-5-09-076093-5
_91500
021 _aRU
_bКН-П-20-030196
_9КН-П-20-2320
035 _a(NLR Aleph) 012343832
035 _a(RuMoRGB)010341536
090 _a11529519
_c11529519
100 _a20200923d2020 e y0rusy50 ca
101 0 _arus
102 _aRU
105 _aac||j|||001zy
181 0 _ai
_baxxe
182 0 _an
200 1 _aИнформатика
_e10 класс
_eучебник для общеобразовательных организаций
_eбазовый уровень
_fА.Г. Гейн, Н.А. Юнерман
203 _aТекст
_bвизуальный
_cнепосредственный
205 _a2-е изд.
210 _aМосква
_cПросвещение
_d2020
215 _a126, [1] с.
_cил., цв. ил., портр., табл.
_d26
225 1 _aСферы
225 1 _aФГОС
313 _aПо пред.изд. 2019г.
320 _aБиблиогр.: с. 122 и в подстроч. примеч.
320 _aПредм. указ.: с. 125-126
606 1 _aИнформатика
_jУчебники для средней школы
_92081274
_3RU\NLR\AUTH\661257251
686 1 _aЗ973.233я721-1
700 1 _7ca
_8rus
_aГейн
_bА. Г.
_f1950-
_gАлександр Георгиевич
_9114709
_3RU\NLR\AUTH\774732
701 1 _aЮнерман
_bН. А.
_gНина Ароновна
942 _cBOOK
980 _aNBR
980 _aNB